Pemikiran Al-Kindi : (Record no. 95278)

MARC details
000 -LEADER
fixed length control field 00768nam a2200253 i 4500
001 - CONTROL NUMBER
control field C2-0289977
003 - CONTROL NUMBER IDENTIFIER
control field PPAK
005 - DATE AND TIME OF LATEST TRANSACTION
control field 20180728022607.0
008 - FIXED-LENGTH DATA ELEMENTS--GENERAL INFORMATION
fixed length control field 080923s2006 my |||| ||||| | may d
020 ## - INTERNATIONAL STANDARD BOOK NUMBER
International Standard Book Number 9836287469
040 ## - CATALOGING SOURCE
Original cataloging agency PPAK
Language of cataloging eng
Transcribing agency PPAK
Description conventions rda
082 04 - DEWEY DECIMAL CLASSIFICATION NUMBER
Classification number 297.61092
Edition number 23
090 00 - LOCALLY ASSIGNED LC-TYPE CALL NUMBER (OCLC); LOCAL CALL NUMBER (RLIN)
Classification number (OCLC) (R) ; Classification number, CALL (RLIN) (NR) 297.61092
Feature heading SHA
Feature heading G
Classification number (OCLC) (R) ; Classification number, CALL (RLIN) (NR) 297.61092
Feature heading SHA
Feature heading KMI
100 0# - MAIN ENTRY--PERSONAL NAME
Personal name Shahibuddin Laming,
Relator term author
245 10 - TITLE STATEMENT
Title Pemikiran Al-Kindi :
Remainder of title pengaruh terhadap intelektual muslim di Malaysia dan Indonesia
264 #1 - PRODUCTION, PUBLICATION, DISTRIBUTION, MANUFACTURE, AND COPYRIGHT NOTICE
Place of production, publication, distribution, manufacture Kuala Lumpur :
Name of producer, publisher, distributor, manufacturer Dewan Bahasa dan Pustaka ,
Date of production, publication, distribution, manufacture, or copyright notice 2006
300 ## - PHYSICAL DESCRIPTION
Extent xxv, 353 pages ;
Dimensions 22 cm
336 ## - CONTENT TYPE
Source rdacontent
Content type term text
337 ## - MEDIA TYPE
Source rdamedia
Media type term unmediated
338 ## - CARRIER TYPE
Source rdacarrier
Carrier type term volume
650 10 - SUBJECT ADDED ENTRY--TOPICAL TERM
Topical term or geographic name entry element Scholars, Muslim - Malaysia.
942 ## - ADDED ENTRY ELEMENTS (KOHA)
-- dc
Koha item type Book
Holdings
Withdrawn Not for loan Current library Shelving location Date acquired Total Checkouts Full call number Barcode Date last seen Date last checked out Koha item type
  Not For Loan Perpustakaan Alor Setar Koleksi Prof. Dr. Muhammad Isa Othman 05/06/2011   KMI 297.61092 SHA A00384426 09/05/2018   Book
    Perpustakaan Pendang Pinjaman Dewasa 06/10/2008 1 297.61092 SHA A01256719 15/12/2024 24/11/2024 Book